Jaka to postać? - Brawl Stars #3 - Statystyki

Ogólne statystyki
  • Ten quiz został rozwiązany 397 razy
  • Średni wynik to 7 z 7
Statystyki odpowiedzi
Rzadkość Postać % Poprawnych
Podstawowy Shelly
99%
Aleja Pucharów Nita | Colt | Bull | Jessie | Brock | Dynamike | Bo | Tick | 8-bit | Emz
97%
Legendarny Sandy | Leon | Kruk | Spike
95%
Rzadki Barley | El Primo | Poco | Rosa
94%
Epicki Bibi | Frank | Pam | Bea | Piper
92%
Mityczny Max | Tara | Gene | Pan P | Mortis
92%
Bardzo Rzadki Darryl | Penny | Carl | Rico
89%
Nie znaleziono quizów pasujących do podanych kryteriów
Rozkład punktacji
Procent ludzi z każdym wynikiem
Percentyl według liczby udzielonych odpowiedzi
Twoja historia wyników
Nie rozwiązałeś tego quizu